[Event "AUTO-BEG-435"]
[Site "http://www.queenalice.com/game.php?id=850949"]
[Date "2010.10.26"]
[Round "1"]
[White "jpdor8"]
[Black "peppermint"]
[Result "0-1"]
[WhiteElo "1248"]
[BlackElo "1572"]

1. e4 e5 2. Nf3 Nc6 3. Be2 Nf6 4. Nc3 d5 5. O-O dxe4 6. Ng5 Bf5 7. Bb5 h6 8. Qh5
Nxh5 9. Nh3 Bxh3 10. gxh3 Qh4 11. Re1 Bc5 12. Rxe4 Qxf2+ 13. Kh1 Qg1# 0-1

[Event "AUTO-BEG-435"]
[Site "http://www.queenalice.com/game.php?id=850964"]
[Date "2010.10.26"]
[Round "1"]
[White "jpdor8"]
[Black "mjKoviak"]
[Result "0-1"]
[WhiteElo "1146"]
[BlackElo "1177"]

1. e4 c5 2. c4 Nc6 3. d3 g6 4. Be2 Bg7 5. Nf3 e5 6. O-O Nf6 7. Bg5 O-O 8. Qe1
Qc7 9. Qd1 d6 10. Qa4 Bd7 11. b3 Nd4 12. Qa3 Nxe2+ 13. Kh1 Nf4 14. Nc3 Nxd3 15.
Bxf6 Bxf6 16. Nd5 Qd8 17. Rad1 Nf4 18. Ne3 Bg4 19. Nxg4 h5 20. Ne3 a6 21. b4 b6
22. Qa4 Qc7 23. Nh4 Bxh4 24. b5 axb5 25. Qb3 bxc4 26. Qxc4 Bg5 27. a4 Qc6 28.
Rc1 Rxa4 29. Qc2 Rxe4 30. Ng4 Re2 31. Qd1 Qxg2# 0-1

[Event "AUTO-BEG-435"]
[Site "http://www.queenalice.com/game.php?id=850965"]
[Date "2010.10.26"]
[Round "1"]
[White "mjKoviak"]
[Black "jpdor8"]
[Result "1-0"]
[WhiteElo "1221"]
[BlackElo "1127"]

1. e4 e5 2. Nf3 Nc6 3. Bc4 Bb4 4. c3 Ba5 5. O-O Nf6 6. d4 Nxe4 7. Re1 Nf6 8.
Nxe5 O-O 9. Bg5 Qe8 10. Nxc6 bxc6 11. Rxe8 Nxe8 12. Be7 Nd6 13. Bxf8 Kxf8 14.
Qh5 g6 15. Qxa5 Nxc4 16. Qc5+ Kg7 17. Qxc4 Bb7 18. Nd2 c5 19. Qxc5 Re8 20. Qxc7
Bc6 21. Qxa7 Re2 22. Rd1 h5 23. Kf1 Bb5 24. c4 Bc6 25. d5 Bxd5 26. cxd5 h4 27.
Qd4+ Kh6 28. Kxe2 d6 29. Qxh4+ Kg7 30. Ne4 f5 31. Qf6+ Kh6 32. Nxd6 f4 33. Nf7+
1-0

[Event "AUTO-BEG-439"]
[Site "http://www.queenalice.com/game.php?id=857571"]
[Date "2010.11.11"]
[Round "1"]
[White "vicoxd"]
[Black "jpdor8"]
[Result "0-1"]
[WhiteElo "1256"]
[BlackElo "1153"]

1. d4 d5 2. Nf3 e6 3. Bf4 Bb4+ 4. c3 Ba5 5. Nbd2 Nf6 6. Qa4+ Nc6 7. Ne5 O-O 8.
Nxc6 bxc6 9. Qxa5 Nh5 10. Bxc7 Qd7 11. e3 a6 12. Nb3 e5 13. Bxe5 Rb8 0-1

[Event "AUTO-BEG-439"]
[Site "http://www.queenalice.com/game.php?id=857572"]
[Date "2010.11.11"]
[Round "1"]
[White "jpdor8"]
[Black "vicoxd"]
[Result "1-0"]
[WhiteElo "1130"]
[BlackElo "1256"]

1. e4 e5 2. Nf3 Nc6 3. Be2 Nf6 4. Nc3 Bb4 5. O-O Bxc3 6. bxc3 d6 7. Rb1 O-O 8.
Ba3 Rb8 9. c4 Nxe4 10. Bd3 Nf6 11. Qe2 Bg4 12. c5 Nd4 13. c6 1-0

[Event "AUTO-BEG-439"]
[Site "http://www.queenalice.com/game.php?id=857583"]
[Date "2010.11.11"]
[Round "1"]
[White "jpdor8"]
[Black "IgorSoares"]
[Result "0-1"]
[WhiteElo "1193"]
[BlackElo "1307"]

1. e4 Nf6 2. e5 Ne4 3. Qe2 Ng5 4. Qg4 h6 5. e6 Nxe6 6. Nf3 h5 7. Qh4 Nc5 8. Qg5
Ne4 9. Qe5 Nf6 10. Be2 d6 11. Qd4 c5 12. Qa4+ Bd7 13. Qc4 d5 14. Qxc5 b6 15. Qc3
Ne4 16. Qd4 e6 17. O-O Nc6 18. Qa4 Nb4 19. Ne5 Bxa4 20. Nd3 Bxc2 21. Na3 Qg5 22.
Ne5 Qxe5 23. Bb5+ Kd8 24. d4 Qxd4 25. Be3 Qxb2 26. Nxc2 Nxc2 27. Bc1 Qxa1 28.
Bc6 Nb4 29. Bxa8 Qxa2 30. f3 Nd2 31. Rf2 Qc2 32. Bxd2 Qd1+ 33. Be1 Qxe1+ 34. Rf1
Bc5+ 0-1

[Event "AUTO-BEG-439"]
[Site "http://www.queenalice.com/game.php?id=857584"]
[Date "2010.11.11"]
[Round "1"]
[White "IgorSoares"]
[Black "jpdor8"]
[Result "1-0"]
[WhiteElo "1261"]
[BlackElo "1165"]

1. e3 e5 2. Nf3 e4 3. Nd4 Be7 4. Qg4 Nf6 5. Qxg7 Rg8 6. Qh6 c6 7. Nf5 Qa5 8. Nd4
Rg6 9. Qh4 c5 10. Nb3 Qb4 11. a3 Qa4 12. f4 Ng4 13. Qxh7 Rh6 14. Qg8+ Bf8 15.
Nxc5 Qb5 16. Bxb5 Rxh2 17. O-O a5 18. Qxg4 Bxc5 19. Kxh2 Bd6 20. Nc3 a4 21. Nxa4
Rxa4 22. Bxa4 Na6 23. Qg8+ Ke7 24. Qxc8 Kf6 25. Qd8+ Be7 26. Qxd7 Nc5 27. Qd4+
Kf5 28. Qe5+ Kg6 29. Qxe7 Nxa4 30. f5+ Kh6 31. Qf6+ Kh5 32. Qxf7+ Kg4 33. Rf4+
Kg5 34. Qg6# 1-0

[Event "Challenge"]
[Site "http://www.queenalice.com/game.php?id=871220"]
[Date "2010.12.13"]
[Round "-"]
[White "matt22"]
[Black "jpdor8"]
[Result "0-1"]
[WhiteElo "1251"]
[BlackElo "1212"]

1. e4 e5 2. Nf3 Nc6 3. Bb5 Nf6 4. O-O Be7 5. Nc3 O-O 6. d4 exd4 7. Nxd4 Bc5 8.
Be3 a6 9. Nxc6 bxc6 10. Bxc5 axb5 11. e5 Nd5 12. Bxf8 Kxf8 13. Nxd5 cxd5 14.
Qxd5 Ra5 15. b4 Ra4 16. Qxb5 Ra6 17. f4 Rb6 18. Qd3 Rxb4 19. Qxh7 Ba6 20. Rab1
Rxb1 0-1

[Event "AUTO-BEG-451"]
[Site "http://www.queenalice.com/game.php?id=881646"]
[Date "2011.1.5"]
[Round "1"]
[White "jpdor8"]
[Black "murphyfish"]
[Result "0-1"]
[WhiteElo "1215"]
[BlackElo "1365"]

1. e4 e5 2. Nf3 d6 3. Bb5+ Nc6 4. Ba4 Nf6 5. Nc3 g6 6. O-O Bh6 7. Nd5 Nxe4 8.
Qe2 Bf5 9. d3 Nc5 10. Bxh6 Nxa4 11. Bg5 Ne7 12. Nxe7 Nxb2 13. d4 f6 14. Bxf6 Rf8
15. Nxe5 Rxf6 16. Qb5+ Kxe7 17. Qxb2 dxe5 0-1

[Event "AUTO-BEG-451"]
[Site "http://www.queenalice.com/game.php?id=881647"]
[Date "2011.1.5"]
[Round "1"]
[White "murphyfish"]
[Black "jpdor8"]
[Result "1-0"]
[WhiteElo "1375"]
[BlackElo "1205"]

1. e4 e5 2. d3 Bb4+ 3. c3 Ba5 4. Nf3 Nf6 5. Nxe5 O-O 6. Qa4 b6 7. b4 b5 8. Qxb5
Nc6 9. bxa5 Rb8 10. Qc4 Nxa5 11. Qd4 c6 12. Ba3 Nh5 13. Ng4 Qb6 14. Qe5 c5 15.
Qxh5 Nc4 16. dxc4 Qa5 17. e5 Qxc3+ 18. Nxc3 1-0

[Event "AUTO-BEG-451"]
[Site "http://www.queenalice.com/game.php?id=881650"]
[Date "2011.1.5"]
[Round "1"]
[White "jpdor8"]
[Black "jlosar"]
[Result "0-1"]
[WhiteElo "1177"]
[BlackElo "1304"]

1. e4 e5 2. Nf3 Bb4 3. Nxe5 Qe7 4. Qh5 g6 5. Nxg6 fxg6 6. Qd5 c6 7. Qc4 a5 8.
Qd4 Nf6 9. Qb6 Qxe4+ 10. Be2 O-O 11. c3 Ng4 12. O-O d5 13. Bf3 Rxf3 0-1

[Event "AUTO-BEG-451"]
[Site "http://www.queenalice.com/game.php?id=881651"]
[Date "2011.1.5"]
[Round "1"]
[White "jlosar"]
[Black "jpdor8"]
[Result "1-0"]
[WhiteElo "1315"]
[BlackElo "1166"]

1. d4 e6 2. Nf3 Qh4 3. g3 Qg4 4. h3 Qf5 5. g4 Qa5+ 6. Bd2 Qb5 7. b3 Ba3 8. e4
Qc6 9. Nxa3 Nf6 10. g5 Nh5 11. Ne5 Qd6 12. g6 hxg6 13. Nac4 1-0

[Event "AUTO-BEG-455"]
[Site "http://www.queenalice.com/game.php?id=887692"]
[Date "2011.1.18"]
[Round "1"]
[White "FreitasPC"]
[Black "jpdor8"]
[Result "1-0"]
[WhiteElo "1812"]
[BlackElo "1217"]

1. d4 c6 2. c4 Qa5+ 3. Bd2 Qf5 4. Nc3 d5 5. Nf3 e6 6. g3 Bb4 7. Bg2 Nf6 8. O-O
O-O 9. e3 dxc4 10. Re1 Na6 11. a3 Bxc3 12. Bxc3 c5 13. dxc5 1-0

[Event "AUTO-BEG-455"]
[Site "http://www.queenalice.com/game.php?id=887693"]
[Date "2011.1.18"]
[Round "1"]
[White "jpdor8"]
[Black "FreitasPC"]
[Result "0-1"]
[WhiteElo "1219"]
[BlackElo "1810"]

1. e4 c5 2. Be2 e5 3. Nf3 Nc6 4. O-O Nf6 5. Nc3 d6 6. Bb5 Bd7 7. d3 Be7 8. Ng5
O-O 9. a3 h6 10. Nf3 a6 11. Bxc6 Bxc6 12. b4 b6 0-1

[Event "AUTO-BEG-455"]
[Site "http://www.queenalice.com/game.php?id=887708"]
[Date "2011.1.18"]
[Round "1"]
[White "jpdor8"]
[Black "rafa_sax88"]
[Result "0-1"]
[WhiteElo "1196"]
[BlackElo "1353"]

1. e4 e5 2. Qh5 Nf6 3. Qxe5+ Be7 4. Bc4 O-O 5. d3 Nc6 6. Qg5 Nxe4 7. Bd5 Nxg5 8.
Bxg5 Bxg5 9. Nf3 Re8+ 10. Be4 Nb4 11. O-O Nxc2 12. Na3 Nxa1 0-1

[Event "AUTO-BEG-455"]
[Site "http://www.queenalice.com/game.php?id=887709"]
[Date "2011.1.18"]
[Round "1"]
[White "rafa_sax88"]
[Black "jpdor8"]
[Result "1-0"]
[WhiteElo "1363"]
[BlackElo "1186"]

1. e4 e5 2. d4 Bb4+ 3. c3 Ba5 4. b4 Bb6 5. dxe5 Qe7 6. Nf3 Nf6 7. exf6 Qxf6 8.
Bc4 Qxc3+ 9. Nxc3 O-O 10. Ne5 d6 11. Nxf7 Nc6 12. Nh6+ 1-0

[Event "AUTO-BEG-455"]
[Site "http://www.queenalice.com/game.php?id=887710"]
[Date "2011.1.18"]
[Round "1"]
[White "jpdor8"]
[Black "Ralfostarr"]
[Result "0-1"]
[WhiteElo "1230"]
[BlackElo "1352"]

1. e4 e5 2. Nf3 Nc6 3. Bb5 a6 4. Ba4 b5 5. Bb3 a5 6. O-O a4 7. Bd5 Ba6 8. Nc3 b4
9. Ne2 Rb8 10. Bxc6 dxc6 11. Nxe5 Qg5 12. Nf3 Bxe2 0-1